una travesía del horizonte (Record no. 14192)

MARC details
000 - LÍDER
campo de control de longitud fija 00925nam a2200217Ia 4500
008 - ELEMENTOS DE DATOS DE LONGITUD FIJA - INFORMACIÓN GENERAL
campo de control de longitud fija 0000002007 sp a 0000000000spa00
020 ## - INTERNATIONAL STANDARD BOOK NUMBER
International Standard Book Number 9788496838208
090 ## - NÚMERO DE LLAMADA DE TIPO LC LOCALMENTE ASIGNADO (OCLC)
Número de clasificación (OCLC) (R) PSP00 S91t
100 1# - ENTRADA PRINCIPAL - NOMBRE PERSONAL
Nombre de la persona Sycet, Pablo
Fechas asociadas a un nombre 1953
245 10 - TÍTULO DECLARACIÓN
Título una travesía del horizonte
Resto del título : paisajes 1982 2007
Declaración de responsabilidad / Pablo Sycet ; fotografías Cristián Domecq
260 ## - PUBLICACIÓN, DISTRIBUCIÓN
Lugar de publicación Jerez : Ayuntamiento de Jerez Cultura y Fiestas
Fecha de publicación 2007
300 ## - DESCRIPCIÓN FÍSICA
Alcance 47 p.
Dimensiones / 26 cm.
500 ## - NOTA GENERAL
Nota general Portada autografiada con el siguiente texto: PAra Carlos Jimenez al comenzar el año. P 010609 \ Incluye datos biográficos y cronología artística \ Donación de Carlos Jiménez, 2012
600 00 - ENTRADA DE SUJETO AÑADIDO - NOMBRE PERSONAL
Nombre de la persona SYCET, PABLO, 1953/
Subdivisión general TRABAJOS PICTORICOS
650 14 - ENTRADA DE SUJETO AÑADIDO - TÉRMINO TÓPICO
Término tópico o elemento de entrada del nombre geográfico PINTURA ESPAÑOLA
650 14 - ENTRADA DE SUJETO AÑADIDO - TÉRMINO TÓPICO
Término tópico o elemento de entrada del nombre geográfico ARTE CONTEMPORANEO ESPAÑOL
650 14 - ENTRADA DE SUJETO AÑADIDO - TÉRMINO TÓPICO
Término tópico o elemento de entrada del nombre geográfico ARTISTAS PLASTICOS ESPAÑOLES
650 14 - ENTRADA DE SUJETO AÑADIDO - TÉRMINO TÓPICO
Subdivisión general CATALOGOS
650 14 - ENTRADA DE SUJETO AÑADIDO - TÉRMINO TÓPICO
Subdivisión general EXPOSICIONES
650 14 - ENTRADA DE SUJETO AÑADIDO - TÉRMINO TÓPICO
Término tópico o elemento de entrada del nombre geográfico PINTURA DE PAISAJES ESPAÑOLA
Holdings
Estado de retirada Pérdida de estatus Estado dañado No para préstamo Código de recogida Ubicación permanente Ubicación actual Ubicación de las estanterías Fecha de adquisición Número de llamada completo Código de barras Fecha de la última vez que se vio Número de copia Precio efectivo desde Tipo de artículo Koha
        General ArtNexus ArtNexus General 06/09/2022 P-SP-00 S91T 14371 06/09/2022 Ej.1 06/09/2022 Libro

Powered by Koha